Sedemdesiat rokov temnej histórie CIA (1)
Sedemdesiate výročie americkej spravodajskej agentúry CIA. Zákon o národnej bezpečnosti 1947 a vznik CIA. Úlohy CIA. Stále živá téma kritiky CIA. Watergate a rok spravodajstva. Priekopník Philip Agee - odhalenie zákulisia CIA.
Uložené v:
| Hlavný autor: | |
|---|---|
| Médium: | Kapitola |
| Jazyk: | Slovak |
| Predmet: | |
| Tagy: |
Žiadne tagy, Buďte prvý, kto otaguje tento záznam!
|
MARC
| LEADER | 00000nla a2200000 4500 | ||
|---|---|---|---|
| 001 | 0237120 | ||
| 005 | 20240502073829.1 | ||
| 041 | 0 | |a slo | |
| 044 | |a SK | ||
| 245 | 1 | 0 | |a Sedemdesiat rokov temnej histórie CIA (1) |c František Škvrnda |
| 520 | |a Sedemdesiate výročie americkej spravodajskej agentúry CIA. Zákon o národnej bezpečnosti 1947 a vznik CIA. Úlohy CIA. Stále živá téma kritiky CIA. Watergate a rok spravodajstva. Priekopník Philip Agee - odhalenie zákulisia CIA. | ||
| 610 | 2 | 0 | |a agentúry |
| 610 | 2 | 0 | |a bezpečnosť národná |
| 610 | 2 | 0 | |a informácie |
| 610 | 2 | 0 | |a politika zahraničná |
| 610 | 2 | 0 | |a vzťahy medzinárodné |
| 610 | 2 | 0 | |a zákony |
| 610 | 2 | 0 | |a USA |
| 100 | 1 | |a Škvrnda, František | |